LEADER 00658nam a2200181 i 4500 001 000000164854 003 CaOOAMICUS 005 20250825144045.0 008 070927s1942 it u000 u ita u 013 $a142222 040 $aSeMil$bita 245 00$aVol. 2. 300 $a813 p., [6] p. di tav. 773 0 $aVasari, Giorgio <1511-1574>$tVite dei pił eccellenti pittori, scultori, architetti.$dMilano ; Roma : Rizzoli, 1942-1949.$kClassici Rizzoli$w()18477 850 $aSeMil 852 $aSeMil$W1$xVenegono$y1$m1E I 144/2$j116062$B116062$CSeMilBibl$Z2$F126876 $81 996 $6245$aVol. 2$9(OLS)http://semarc/title/13458 LEADER 00921nam a2200229 i 4500 001 000000037445 003 CaOOAMICUS 005 20100316000000.0 008 100316s1965 it u000 u ita u 013 $a7707 040 $aSeMil$bita 100 1 $aUboldi, Leonilda.$0(OLS)http://semarc/name/17766 245 13$aLa storia di S. Carlo narrata ai ragazzi /$cLeonilda Uboldi. 260 $aMilano :$bNuova Favilla,$c1965. 300 $a167 p., [8] p. di tav. ;$c23 cm. 600 04$aBorromeo, Carlo .$0(OLS)http://semarc/subject/690 650 4$aAgiografia.$0(OLS)http://semarc/subject/327 850 $aSeMil 852 $aSeMil$W1$xVenegono$y1$m3G II 140$j3600$B3600$CSeMilBibl$Z2$F3600 $81 961 $aOmaggio: Deposito 996 $6245$aLa storia di S. Carlo narrata ai ragazzi$9(OLS)http://semarc/title/52417 996 $6260$aMilano :$bNuova Favilla$9(OLS)http://semarc/publisher/39904